00679nam a22001937a 4500003000500000005001700005008004100022020001800063040000600081082001900087100002300106245006900129260003100198300001400229650009500243942001200338999001900350952011600369CEME20210628203005.0210216b xxu||||| |||| 00| 0 eng d a0-471-13917-3 c. a808.066651 TEP aTepper, Ron962752 aModel letters and memos, a handbook for scientists and engineers aNEW YORKbJOHN WILEYc1996 aXVII,236P aLETTER WRITING -HANDBOOKS, MANUALS, ETC; TECHNICAL WRITING- HANDBOOKS, MANUALS ETC962753 cBK2ddc c571761d571761 00102ddc4070aCEMEbCEMEcFICd2017-07-24j1o808.066651 TEPpCEME-36406r2021-06-28w2021-06-28yBKzCART-4